Open Data Biblioteca Nacional de Portugal


República Portuguesa: Ministério da Cultura
Biblioteca Nacional de Portugal

Catálogo da BNP: acesso por Identificadores Unívocos
Registos Bibliográficos associados ao registo de autoridade

Etiqueta de registo: 00254nam 2200025 450
001 2284632
003 http://id.bnportugal.gov.pt/bib/catbnp/2284632
100 ## $a20260417d2025 k y0pory01030103ba
101 0# $aeng$dpor
102 ## $aPT
105 ## $aa m 000yy
106 ## $ar
200 1# $aFlavylium compounds$efrom nature's colour palette to a versatile component in supramolecular devices$fAndré Miguel Lopes Seco$gorient. Nuno Miguel Jesuíno Basílio, António Jorge Dias Parola, Fernando Jorge da Silva Pina
210 #9 $a[S.l.$cs.n.],$d2025
215 ## $aXXXII, 228 p.$cil.$d30 cm
328 #1 $aTese dout. Chemistry, Nova School of Science & Technology, Universidade Nova de Lisboa, 2025
700 #1 $aSeco,$bAndré Miguel Lopes$31996100
702 #1 $aPina,$bFernando Jorge da Silva$4727$31815691
702 #1 $aParola,$bAntónio Jorge Dias$4727$370957
702 #1 $aBasílio,$bNuno Miguel Jesuíno$4727$31815693
801 #0 $aPT$bBN$gRPC
966 ## $lBN$mFGMON$x1
971 ## $cisantos$d20260417

OpendataBNP@bnportugal.pt | Mais informação sobre acesso aos dados BNP